Missing word: P. G. Wodehouse titles (clickable) Quiz Stats

 Plays Quiz not verified by Sporcle

Challenge
Share
Tweet
Embed
Score 0/20 Timer 03:00
0 Plays Today
% Correct
Feet
95%
Jeeves
86.5%
Gas
84.4%
Pie
83.7%
Serious
82.3%
City
77.3%
Blandings
76.6%
Moon
75.9%
Assets
75.2%
Water
73.8%
% Correct
Fever
73.8%
Weather
73%
Speaking
70.2%
Spats
69.5%
Gentlemen
68.8%
Bodkin
68.8%
Service
68.1%
Lightning
62.4%
Spirit
61.7%
Offing
49.6%

You're not logged in!

Compare scores with friends on all Sporcle quizzes.
Join for Free
OR
Log In

You Might Also Like...

Show Comments

Extras

Top Quizzes Today


Score Distribution

Your Account Isn't Verified!

In order to create a playlist on Sporcle, you need to verify the email address you used during registration. Go to your Sporcle Settings to finish the process.

Report this User

Report this user for behavior that violates our Community Guidelines.

Details: